000 00785nam a22002417a 4500
001 2601
005 20250731140327.0
020 _a9780590273824
040 _aDLC
_cDLC
_beng
050 0 0 _a591.563
100 1 _aBernard, Robin
245 1 0 _aWho wants a ride? /
_cWritten by Robin Bernard ; Illustrated by Katherine Tillotson
260 _aNew York :
_bScholastic,
_c1994
300 _a16 pages :
_bcolor illustration ;
_c20 cm .
500 _aDescriptive notes on container include song texts.
505 0 _aJ
520 _aDescribes the various ways that baby animals are carried by their mothers
521 _a450
_bLexile
521 _aJ
_bRaz-Plus
700 1 _aTillotson, Katherine
906 _a7
_bcbc
_corigres
_d3
_encip
_f20
_gy-genmusic
942 _2ddc
_cBK
_n0
999 _c2601
_d2601